Принц и нищий | Приключение Тома на воздушном шаре (Запись № 5842763)

Подробности
000 -МАРКЕР
контрольное поле 01532nam0a22003011 4500
001 - ИДЕНТИФИКАТОР ЗАПИСИ
контрольное поле v19\rc\1824377
005 - ИДЕНТИФИКАТОР ВЕРСИИ
контрольное поле 20260406114133.0
035 ## - ДРУГИЕ СИСТЕМНЫЕ НОМЕРА
Идентификатор записи (NLR Aleph) 005255016
100 ## - ДАННЫЕ ОБЩЕЙ ОБРАБОТКИ
Данные общей обработки 20071224d1907 |||y0rusy50 ca
101 1# - ЯЗЫК РЕСУРСА
Язык текста, звукозаписи и т.д. русский
Язык оригинала английский
102 ## - СТРАНА ПУБЛИКАЦИИ ИЛИ ПРОИЗВОДСТВА
Страна публикации Российская Федерация
105 ## - ПОЛЕ КОДИРОВАННЫХ ДАННЫХ: ТЕКСТОВЫЕ МАТЕРИАЛЫ, МОНОГРАФИЧЕСКИЕ
Кодированные данные о монографическом текстовом документе a z |||||
200 1# - ЗАГЛАВИЕ И СВЕДЕНИЯ ОБ ОТВЕТСТВЕННОСТИ
Основное заглавие Принц и нищий
Первые сведения об ответственности Пер. с англ. М.А. Лазаревой
Основное заглавие Приключение Тома на воздушном шаре
Первые сведения об ответственности Пер. Сесиля Гоара
Последующие сведения об ответственности Под ред. Н.Н. Мазуренко
210 ## - ПУБЛИКАЦИЯ, РАСПРОСТРАНЕНИЕ И ДР.
Место издания, распространения и т.д. Санкт-Петербург
Имя издателя, распространителя и т. д. В.И. Губинский
Дата издания, распространения и т.д. [1907]
215 ## - ФИЗИЧЕСКАЯ ХАРАКТЕРИСТИКА
Специфическое обозначение материала и объем 262 с., 100 ил.
Размеры 23
300 ## - ОБЩИЕ ПРИМЕЧАНИЯ
Текст примечания Перед загл.: Соч. Марк Твэн (Самуель Л. Клеменс), авт. кн.: Приключение Тома; Путешествие вокруг света; Приключения Финна и Жизнь на Миссиссипи
700 #1 - ИМЯ ЛИЦА - ПЕРВИЧНАЯ ОТВЕТСТВЕННОСТЬ
Графика поля Кириллица
Материалы, к которым относится поле rus
Начальный элемент ввода Твен
Часть имени, кроме начального элемента ввода М.
Даты 1835-1910
Расширение инициалов личного имени Марк
Системный номер авторитетной/нормативной записи 110265
Идентификатор авторитетной/нормативной записи RU\NLR\AUTH\77201
702 #1 - ИМЯ ЛИЦА - ВТОРИЧНАЯ ОТВЕТСТВЕННОСТЬ
Код отношения Переводчик
Графика поля Кириллица
Материалы, к которым относится поле rus
Начальный элемент ввода Лазарева
Часть имени, кроме начального элемента ввода М. А.
Дополнения к именам, кроме дат переводчик
Даты 19 в.
Системный номер авторитетной/нормативной записи 61719
Идентификатор авторитетной/нормативной записи RU\NLR\AUTH\7778791
702 #1 - ИМЯ ЛИЦА - ВТОРИЧНАЯ ОТВЕТСТВЕННОСТЬ
Начальный элемент ввода Сесиль
Часть имени, кроме начального элемента ввода Г.
Расширение инициалов личного имени Гоар
Код отношения Переводчик
702 #1 - ИМЯ ЛИЦА - ВТОРИЧНАЯ ОТВЕТСТВЕННОСТЬ
Код отношения Редактор
Графика поля Кириллица
Материалы, к которым относится поле rus
Начальный элемент ввода Мазуренко
Часть имени, кроме начального элемента ввода Н. Н.
Даты 1840-
Расширение инициалов личного имени Николай Николаевич
Системный номер авторитетной/нормативной записи 65158
Идентификатор авторитетной/нормативной записи RU\NLR\AUTH\7782230
801 #0 - ИСТОЧНИК ЗАПИСИ
Страна Российская Федерация
Организация NLR
Дата составления 20071224
Правила каталогизации psbo
801 #0 - ИСТОЧНИК ЗАПИСИ
Страна Российская Федерация
Организация RuMoRGB
Дата составления 20071224
Источник данных psbo
801 #1 - ИСТОЧНИК ЗАПИСИ
Страна Российская Федерация
Организация ProSoft-M
Дата составления 20071224
Источник данных rusmarc
801 #2 - ИСТОЧНИК ЗАПИСИ
Страна Российская Федерация
Организация NLR
Дата составления 20121101
Источник данных rusmarc
852 ## - МЕСТОНАХОЖДЕНИЕ И ШИФР ХРАНЕНИЯ
Идентификатор организации NLR
Шифр хранения (Call Number) 37.21.5.26
942 ## - ДОПОЛНИТЕЛЬНЫЕ ЭЛЕМЕНТЫ ЗАПИСИ (АБИС)
Тип экземпляра АБИС Книга
980 ## - КОЛЛЕКЦИЯ
Название коллекции Национальная библиография
Экземпляры
Тип экземпляра Дата поступления Библиотека постоянного хранения Библиотека текущего хранения Место хранения Шифр хранения Штрих-код Статус экземпляра
Книга 26.10.2013 РНБ (Садовая) РНБ (Садовая) Русский книжный фонд -Главное здание, Ленинский читальный зал 37.21.5.26 5255016-10